[Event "ICS rated blitz match"]
[Site "204.178.125.65"]
[Date "2000.09.03"]
[Round "?"]
[White "PostModernist"]
[Black "Hossa"]
[Result "1-0"]
[WhiteElo "2710"]
[BlackElo "2523"]
[PlyCount "205"]
[EventDate "2000.??.??"]

1. e4 e6 2. d4 d5 3. Nc3 Bb4 4. e5 Ne7 5. a3 Bxc3+ 6. bxc3 c5 7. a4 Nbc6 8. Nf3
Qa5 9. Bd2 Bd7 10. Bb5 c4 11. O-O a6 12. Bxc6 Bxc6 13. Ng5 h6 14. Qh5 O-O 15.
Nf3 Bxa4 16. Rfc1 Rfe8 17. g4 Qb5 18. g5 g6 19. Qxh6 Nf5 20. Qh3 Qd7 21. Nh4 b6
22. Nxf5 exf5 23. Rcb1 b5 24. Ra2 Qe7 25. Bc1 a5 26. Qh4 Qf8 27. Bf4 Ra6 28.
Kg2 Qg7 29. Rg1 Kf8 30. Re1 Qg8 31. Kg1 Rd8 32. Bc1 Ke8 33. Ba3 Re6 34. Rb1 Ra6
35. Qh3 Kd7 36. Qg2 Ke6 37. Bc5 Rb8 38. Qf3 Qh8 39. h3 Rg8 40. Re1 Qh4 41. Qg2
Rh8 42. Kh2 Qh5 43. Rg1 Raa8 44. Qg3 Rab8 45. f3 Ra8 46. Rf1 Ra6 47. Kg2 Kd7
48. Rh1 Qh4 49. Qxh4 Rxh4 50. Kg3 Rh5 51. h4 Ra8 52. Rh2 Kc7 53. Be7 Rh7 54.
Bf6 Ra6 55. Ra1 Kb7 56. Kf4 Ra8 57. Ke3 Kc7 58. Rb1 Ra6 59. Kd2 Kb7 60. Rg1 Ra7
61. Rgh1 Rh5 62. Re1 Kc8 63. e6 fxe6 64. Rxe6 Rah7 65. Be5 Rxh4 66. Rxh4 Rxh4
67. Rxg6 Rh3 68. Rg8+ Kd7 69. g6 f4 70. g7 Rg3 71. Rb8 Rg2+ 72. Ke1 Bxc2 73.
Rxb5 Ke6 74. Rxa5 Bh7 75. Ra8 Rg1+ 76. Kf2 Rb1 77. Rh8 Rb2+ 78. Kg1 Rb1+ 79.
Kg2 Rb2+ 80. Kh3 Bf5+ 81. Kh4 Rg2 82. g8=Q+ Rxg8 83. Rxg8 Kd7 84. Kg5 Bh3 85.
Kxf4 Be6 86. Rg7+ Kc6 87. Rg6 Kd7 88. Rxe6 Kxe6 89. Kg4 Kd7 90. Kf5 Ke7 91. Bg3
Kd7 92. Ke5 Kc6 93. f4 Kb6 94. f5 Ka5 95. f6 Ka4 96. f7 Ka5 97. f8=Q Kb6 98.
Qb8+ Kc6 99. Qa7 Kb5 100. Bh4 Kc6 101. Bd8 Kb5 102. Qb6+ Ka4 103. Qb4# {
Hossa checkmated} 1-0

[Event "ICS rated standard match"]
[Site "204.178.125.65"]
[Date "2000.09.03"]
[Round "?"]
[White "janh"]
[Black "Hossa"]
[Result "1-0"]
[WhiteElo "2453"]
[BlackElo "2303"]
[PlyCount "123"]
[EventDate "2000.??.??"]

1. d4 d5 2. c4 e6 3. cxd5 exd5 4. Nc3 Nf6 5. Bg5 Be7 6. Qc2 Na6 7. Bxf6 gxf6 8.
Qb3 c6 9. e3 Qb6 10. Bxa6 Qxb3 11. axb3 bxa6 12. Nf3 Bb4 13. O-O Rg8 14. Rfc1
a5 15. Na2 Bg4 16. Nh4 Bd7 17. Nxb4 axb4 18. Ra6 f5 19. Rca1 f4 20. exf4 Ke7
21. f3 h6 22. Rxa7 Rxa7 23. Rxa7 Kd6 24. Ra4 Rb8 25. g4 Re8 26. Kf2 h5 27. g5
Rb8 28. f5 c5 29. Ra6+ Bc6 30. g6 f6 31. dxc5+ Kxc5 32. Ng2 h4 33. Nf4 Kb5 34.
Ra7 d4 35. Ne6 d3 36. Rf7 d2 37. Ke2 Bxf3+ 38. Kxd2 Bd5 39. Rxf6 Bxb3 40. Rf8
Rb7 41. Nd4+ Kc4 42. Nxb3 Rg7 43. Nc1 h3 44. Rc8+ Kd5 45. f6 Rxg6 46. f7 Rf6
47. f8=Q Rxf8 48. Rxf8 Ke4 49. Nd3 Kd4 50. Rf4+ Kd5 51. Rxb4 Ke6 52. Rh4 Kd5
53. b4 Ke6 54. Rh5 Ke7 55. Rh6 Kd7 56. b5 Ke7 57. b6 Kf7 58. b7 Kg7 59. Ra6 Kf8
60. b8=Q+ Kf7 61. Qb7+ Kg8 62. Ra8# {Hossa checkmated} 1-0

[Event "ICS rated standard match"]
[Site "204.178.125.65"]
[Date "2000.09.03"]
[Round "?"]
[White "Hossa"]
[Black "MAUDEVAN"]
[Result "1-0"]
[WhiteElo "2294"]
[BlackElo "2070"]
[PlyCount "44"]
[EventDate "2000.??.??"]

1. e4 d5 2. exd5 Nf6 3. d4 Nxd5 4. Nf3 Bg4 5. Bb5+ c6 6. Be2 g6 7. h3 Bxf3 8.
Bxf3 Bg7 9. O-O O-O 10. Re1 Qc7 11. c4 Nb6 12. c5 Nd5 13. Nc3 e6 14. Bg5 h6 15.
Bh4 Nd7 16. Bg3 Qd8 17. Qd2 Nc7 18. Bf4 Kh7 19. Bd6 Re8 20. Qf4 Nb5 21. Nxb5
cxb5 22. Qxf7 b6 {MAUDEVAN resigns} 1-0

[Event "ICS rated standard match"]
[Site "204.178.125.65"]
[Date "2000.09.03"]
[Round "?"]
[White "Hossa"]
[Black "tiger10"]
[Result "0-1"]
[WhiteElo "2308"]
[BlackElo "2289"]
[PlyCount "118"]
[EventDate "2000.??.??"]

1. e4 e5 2. f4 exf4 3. Nf3 g5 4. h4 g4 5. Ne5 Nf6 6. d4 d6 7. Nd3 Nxe4 8. Bxf4
Qe7 9. Qe2 Nc6 10. c3 Bf5 11. Nd2 O-O-O 12. Nxe4 Qxe4 13. Kd2 Qd5 14. Bg5 f6
15. Bxf6 Bh6+ 16. Bg5 Bxg5+ 17. hxg5 Rde8 18. Qd1 Rhg8 19. Qb3 Qa5 20. d5 Nd8
21. Re1 Rxe1 22. Kxe1 Be4 23. Qc4 Bxd5 24. Qxg4+ Be6 25. Qf4 Bxa2 26. Rxh7 Qxg5
27. Qxg5 Rxg5 28. Nf4 Rg4 29. Nh5 Bg8 30. Nf6 Bxh7 31. Nxg4 Ne6 32. Nf6 Bg6 33.
Bc4 Ng5 34. Ke2 Ne4 35. Bd3 Ng3+ 36. Ke3 Bxd3 37. Kxd3 Kd8 38. Ke3 c6 39. Ne4
Nxe4 40. Kxe4 d5+ 41. Ke5 Ke7 42. g4 a5 43. g5 Kf7 44. Kd6 Kg6 45. Kc5 Kxg5 46.
Kb6 Kf5 47. Kxa5 c5 48. Ka4 d4 49. Kb5 d3 50. Kxc5 d2 51. Kb6 d1=Q 52. Kc7 Ke6
53. Kb6 Qd6+ 54. Kb5 Kd5 55. c4+ Kd4 56. c5 Qxc5+ 57. Ka4 Kc4 58. b3+ Kc3 59.
b4 Qxb4# {Hossa checkmated} 0-1

[Event "ICS rated standard match"]
[Site "204.178.125.65"]
[Date "2000.09.03"]
[Round "?"]
[White "TheSinger"]
[Black "Hossa"]
[Result "0-1"]
[WhiteElo "1903"]
[BlackElo "2291"]
[PlyCount "33"]
[EventDate "2000.??.??"]

1. e4 e5 2. Bc4 Nf6 3. d3 c6 4. Bb3 d5 5. Nf3 a5 6. a3 Bg4 7. h3 a4 8. hxg4
axb3 9. g5 dxe4 10. Nxe5 Ra5 11. d4 bxc2 12. Qxc2 Qxd4 13. Nxf7 Kxf7 14. gxf6
Qd3 15. Qd2 Rf5 16. fxg7 Bxg7 17. Qa5 {TheSinger resigns} 0-1

[Event "ICS rated blitz match"]
[Site "204.178.125.65"]
[Date "2000.09.03"]
[Round "?"]
[White "Hossa"]
[Black "PostModernist"]
[Result "0-1"]
[WhiteElo "2515"]
[BlackElo "2719"]
[PlyCount "160"]
[EventDate "2000.??.??"]

1. d4 Nf6 2. Nd2 c5 3. dxc5 e6 4. e4 Nc6 5. Ngf3 Bxc5 6. Bd3 d5 7. exd5 Qxd5 8.
Nb3 Bb6 9. O-O O-O 10. Be3 Bxe3 11. fxe3 Bd7 12. Qd2 Qh5 13. Rad1 Rfd8 14. e4
Ng4 15. h3 Nge5 16. Be2 f6 17. Qf4 Rac8 18. Nfd4 Qg6 19. Nxc6 Bxc6 20. Rxd8+
Rxd8 21. Nc5 b6 22. Nxe6 Bxe4 23. Rf2 Re8 24. Nd4 h6 25. Qh4 Rd8 26. Bh5 Qh7
27. c3 Bd5 28. Nf5 Bxa2 29. Qa4 Bb1 30. Ne7+ Kh8 31. Qxa7 g6 32. Nxg6+ Bxg6 33.
Qxb6 Qe7 34. Bxg6 Nxg6 35. Qxf6+ Qxf6 36. Rxf6 Kg7 37. Rb6 Nf4 38. Kh2 Rd2 39.
Kg3 Nxg2 40. b3 Ne3 41. c4 Rd6 42. Rb7+ Kf6 43. Kf4 Nf5 44. Rb8 Rd4+ 45. Kf3
Kg5 46. Rg8+ Kh4 47. Rg6 Kxh3 48. Rg8 Nh4+ 49. Ke3 Rg4 50. Rh8 Nf5+ 51. Kd3 Kg2
52. Kd2 Rg5 53. c5 Kf3 54. b4 Rg6 55. Kc3 Rg1 56. Kc4 Rg4+ 57. Kb5 Rg6 58. Kc4
Rg1 59. c6 Rc1+ 60. Kd5 Kg4 61. Re8 h5 62. b5 h4 63. b6 h3 64. b7 Rd1+ 65. Kc5
h2 66. Rg8+ Kh5 67. c7 h1=Q 68. Rh8+ Nh6 69. c8=Q Qd5+ 70. Kb6 Qd6+ 71. Ka5
Ra1+ 72. Kb5 Rb1+ 73. Kc4 Qa6+ 74. Kd4 Rd1+ 75. Kc5 Rc1+ 76. Kd4 Qd6+ 77. Ke4
Re1+ 78. Kf3 Qd3+ 79. Kg2 Re2+ 80. Kh1 Qd1# {Hossa checkmated} 0-1

[Event "ICS rated blitz match"]
[Site "204.178.125.65"]
[Date "2000.09.03"]
[Round "?"]
[White "PostModernist"]
[Black "Hossa"]
[Result "1/2-1/2"]
[WhiteElo "2727"]
[BlackElo "2549"]
[PlyCount "179"]
[EventDate "2000.??.??"]

1. e4 e6 2. d4 d5 3. Nc3 Bb4 4. Nge2 Nc6 5. a3 Bxc3+ 6. Nxc3 dxe4 7. Bb5 Nge7
8. Bg5 f6 9. Be3 f5 10. Qd2 a6 11. Be2 O-O 12. O-O-O Rb8 13. f3 Nd5 14. fxe4
Nxc3 15. Qxc3 fxe4 16. Bxa6 Ne7 17. Be2 Nd5 18. Qd2 Nxe3 19. Qxe3 Qd5 20. h4
Bd7 21. c4 Qc6 22. Kb1 Rbe8 23. h5 e5 24. h6 exd4 25. Qxd4 Re7 26. c5 Be6 27.
hxg7 Rxg7 28. Qe3 b5 29. Rh4 Bf7 30. Rdh1 Bd5 31. g3 b4 32. axb4 Qa4 33. Qa3
Ra8 34. Qxa4 Rxa4 35. b5 Bb3 36. b6 cxb6 37. cxb6 Rb4 38. Rg1 Rg6 39. Bg4 Bc4
40. Bf5 Bd3+ 41. Kc1 Rc6+ 42. Kd2 Rc2+ 43. Ke3 Re2+ 44. Kf4 Rf2+ 45. Kg5 Rb5
46. g4 e3 47. Rh6 e2 48. Rc6 Bxf5 49. gxf5 Rfxf5+ 50. Kh4+ Kf8 51. Rc8+ Ke7 52.
Re1 Rxb2 53. b7 Rb4+ 54. Kh3 Rh5+ 55. Kg3 Rg5+ 56. Kf3 Rxb7 57. Rxe2+ Kf6 58.
Rf8+ Kg7 59. Ree8 Rb3+ 60. Kf4 Kh6 61. Re7 Rb4+ 62. Ke3 Rg3+ 63. Kf2 Rh3 64.
Rff7 Rb2+ 65. Kg1 Rg3+ 66. Kf1 Rg8 67. Rxh7+ Kg6 68. Rb7 Rf8+ 69. Kg1 Rc2 70.
Rbc7 Rd2 71. Rhd7 Ra2 72. Ra7 Rb2 73. Rab7 Rc2 74. Rbc7 Re2 75. Rd6+ Kf5 76.
Rc5+ Kg4 77. Rc4+ Kg5 78. Rc5+ Kf4 79. Rd4+ Kg3 80. Rc3+ Rf3 81. Rxf3+ Kxf3 82.
Kh1 Kg3 83. Rd3+ Kh4 84. Kg1 Kh5 85. Kf1 Rh2 86. Rg3 Kh6 87. Ke1 Kh7 88. Kf1
Kh8 89. Rg2 Rxg2 90. Kxg2 1/2-1/2

[Event "ICS rated standard match"]
[Site "204.178.125.65"]
[Date "2000.09.04"]
[Round "?"]
[White "Hossa"]
[Black "TheSinger"]
[Result "1-0"]
[WhiteElo "2294"]
[BlackElo "1922"]
[PlyCount "75"]
[EventDate "2000.??.??"]

1. e4 Nf6 2. e5 Nd5 3. d4 d6 4. Nf3 dxe5 5. Nxe5 g6 6. Bc4 Be6 7. Nc3 c6 8. Ne4
Bg7 9. Ng5 O-O 10. Nxe6 fxe6 11. Nf3 Nd7 12. Ng5 Rf6 13. Qe2 Nf8 14. O-O h6 15.
Ne4 Rf7 16. c3 b5 17. Bb3 a5 18. a4 b4 19. cxb4 axb4 20. Rd1 Qb6 21. Qc2 Nf6
22. Nc5 Ng4 23. Nxe6 Nxf2 24. Rd2 Ng4 25. Nxg7 Kxg7 26. Bxf7 Qc7 27. g3 Kxf7
28. Qc4+ e6 29. Re2 Qd7 30. h3 Nf6 31. Bxh6 N8h7 32. Re5 Nd5 33. Rae1 Re8 34.
Rf1+ Nhf6 35. Bg5 Kg7 36. Rf3 Rh8 37. Bxf6+ Nxf6 38. Rxe6 {TheSinger resigns}
1-0

[Event "ICS rated standard match"]
[Site "204.178.125.65"]
[Date "2000.09.04"]
[Round "?"]
[White "Hossa"]
[Black "nitmo"]
[Result "1-0"]
[WhiteElo "2285"]
[BlackElo "1969"]
[PlyCount "45"]
[EventDate "2000.??.??"]

1. e4 e5 2. Nf3 Nc6 3. Nc3 Nf6 4. Nxe5 Nxe5 5. d4 Nc6 6. d5 Bb4 7. dxc6 bxc6 8.
Qd4 Qe7 9. Bd3 d5 10. O-O Bxc3 11. Qxc3 O-O 12. Qxc6 Bd7 13. Qxc7 dxe4 14. Ba6
Nd5 15. Qc4 Be6 16. Qxe4 Nb4 17. Bb5 Rab8 18. Ba4 Rfd8 19. Bf4 Rb6 20. Be3 Ra6
21. Bb5 Ra5 22. a4 a6 23. Bb6 {nitmo resigns} 1-0

[Event "ICS rated standard match"]
[Site "204.178.125.65"]
[Date "2000.09.04"]
[Round "?"]
[White "expert101"]
[Black "Hossa"]
[Result "1/2-1/2"]
[WhiteElo "2113"]
[BlackElo "2289"]
[PlyCount "150"]
[EventDate "2000.??.??"]

1. e4 e6 2. d4 d5 3. Nd2 c5 4. exd5 exd5 5. Ngf3 Nf6 6. Bb5+ Bd7 7. Bxd7+ Nbxd7
8. O-O Be7 9. dxc5 Nxc5 10. Nb3 Nxb3 11. axb3 O-O 12. c3 Re8 13. Be3 a6 14. b4
Qc7 15. Bd4 Ne4 16. Be5 Bd6 17. Bxd6 Qxd6 18. Ra5 Nf6 19. Nd4 b6 20. Ra1 Qf4
21. g3 Qh6 22. Qf3 Qh3 23. Rfe1 Re4 24. Qg2 Qd7 25. Qf1 Rxe1 26. Rxe1 Ne4 27.
Qe2 h6 28. Kg2 Ng5 29. h4 Ne4 30. f3 Nd6 31. Qe7 Qxe7 32. Rxe7 Kf8 33. Re2 Re8
34. Kf2 g6 35. Nc6 Rxe2+ 36. Kxe2 Nf5 37. Kf2 Ke8 38. Nb8 d4 39. Nxa6 Kd8 40.
c4 d3 41. b5 Nxg3 42. Ke3 Nf5+ 43. Kxd3 Nxh4 44. Ke4 f5+ 45. Kf4 g5+ 46. Kg3
Kd7 47. c5 Kc8 48. c6 f4+ 49. Kg4 Ng2 50. Nb4 Ne3+ 51. Kh5 g4 52. fxg4 f3 53.
Nd3 Kc7 54. Nf2 Nc4 55. Kxh6 Nd6 56. g5 Nxb5 57. g6 Nd4 58. Kg5 Ne6+ 59. Kf6
Nf4 60. Kf5 Nh5 61. Kg4 Ng7 62. Kxf3 Kxc6 63. Kf4 Kd6 64. Kg5 Ke6 65. Nd3 Ke7
66. Nf4 b5 67. b4 Ne8 68. Nd5+ Kf8 69. Nc3 Nd6 70. Kf6 Ne8+ 71. Kf5 Nc7 72. Ke5
Kg7 73. Kd6 Na6 74. Nxb5 Nxb4 75. Nd4 Kxg6 1/2-1/2

[Event "ICS rated standard match"]
[Site "204.178.125.65"]
[Date "2000.09.04"]
[Round "?"]
[White "Moron"]
[Black "Hossa"]
[Result "1-0"]
[WhiteElo "2534"]
[BlackElo "2282"]
[PlyCount "79"]
[EventDate "2000.??.??"]

1. e4 e5 2. Nf3 Nc6 3. d4 exd4 4. Nxd4 Bc5 5. Be3 Qf6 6. c3 Nge7 7. Bc4 Ne5 8.
Be2 Qg6 9. O-O d6 10. f4 Qxe4 11. Bf2 Bxd4 12. cxd4 N5g6 13. Nc3 Qxf4 14. Nb5
Kd8 15. Qd3 Bf5 16. Qa3 Qd2 17. Rae1 a5 18. Nc3 Bc2 19. Bf3 Qf4 20. Be3 Qh4 21.
Nb5 Nc8 22. Qc3 c6 23. Qxc2 cxb5 24. Bf2 Qg5 25. Bxb7 Rb8 26. Rc1 Qe7 27. Bxc8
Re8 28. Qc6 Nf4 29. Rfe1 Qxe1+ 30. Rxe1 Rxe1+ 31. Bxe1 Rxc8 32. Bxa5+ Ke7 33.
Qxc8 Ne6 34. d5 g6 35. dxe6 Kf6 36. Bd8+ Ke5 37. e7 Kf4 38. e8=Q b4 39. Qc4+
Kf5 40. Qee4# {Hossa checkmated} 1-0

[Event "ICS rated standard match"]
[Site "204.178.125.65"]
[Date "2000.09.04"]
[Round "?"]
[White "Hossa"]
[Black "FishPuppie"]
[Result "1-0"]
[WhiteElo "2276"]
[BlackElo "2119"]
[PlyCount "56"]
[EventDate "2000.??.??"]

1. e4 d5 2. exd5 Qxd5 3. Nc3 Qe6+ 4. Be2 Nc6 5. Nf3 Bd7 6. O-O O-O-O 7. d4 Qf6
8. d5 Bg4 9. Bg5 Qg6 10. Bd3 Bxf3 11. Qxf3 Qxg5 12. dxc6 b6 13. Rad1 Kb8 14.
Ba6 e6 15. Rd7 Bd6 16. Ne4 Bxh2+ 17. Kh1 Qh4 18. Qh3 Bg3 19. fxg3 Qxh3+ 20.
gxh3 Nh6 21. Ng5 Rde8 22. Nxf7 Rhf8 23. Nxh6 Rxf1+ 24. Bxf1 gxh6 25. Rxh7 a5
26. Rxh6 e5 27. Kg2 e4 28. Be2 e3 {FishPuppie resigns} 1-0

[Event "ICS rated standard match"]
[Site "204.178.125.65"]
[Date "2000.09.04"]
[Round "?"]
[White "LuisRoque"]
[Black "Hossa"]
[Result "0-1"]
[WhiteElo "1909"]
[BlackElo "2285"]
[PlyCount "122"]
[EventDate "2000.??.??"]

1. e4 e5 2. Nf3 Nc6 3. Bb5 a6 4. Ba4 Nf6 5. d3 d6 6. h3 Bd7 7. c3 Be7 8. O-O
O-O 9. Nbd2 Qc8 10. Kh2 h6 11. d4 exd4 12. Nxd4 Nxd4 13. Bxd7 Qxd7 14. cxd4 d5
15. e5 Nh7 16. Nf3 Rfe8 17. Re1 Nf8 18. Qd3 Ne6 19. Qf5 Qb5 20. Qc2 c5 21. Be3
Rac8 22. Qd2 cxd4 23. Nxd4 Nxd4 24. Bxd4 Bg5 25. f4 Be7 26. Rac1 Qa4 27. e6
Rxc1 28. Rxc1 fxe6 29. Qe3 Bd6 30. b3 Qxa2 31. Qg3 g5 32. Qd3 Bxf4+ 33. Kh1 Kf8
34. Rf1 Ke7 35. Qh7+ Kd6 36. Qxb7 Qc2 37. Qxa6+ Ke7 38. Qa7+ Qc7 39. Bc5+ Kd7
40. Qa4+ Kd8 41. Qb5 Qb8 42. Qxb8+ Bxb8 43. Rf6 h5 44. Rg6 Bf4 45. g3 Bxg3 46.
Rxg5 h4 47. b4 Kd7 48. Kg2 Kc6 49. Kf3 e5 50. Rg6+ Kb5 51. Ke2 Ra8 52. Kf3 e4+
53. Ke3 Ra3+ 54. Ke2 Ra2+ 55. Ke3 Bf2+ 56. Kf4 Bxc5 57. bxc5 Kxc5 58. Rg4 Rf2+
59. Ke5 e3 60. Rg1 Kc4 61. Rd1 e2 {LuisRoque resigns} 0-1

[Event "ICS rated blitz match"]
[Site "204.178.125.65"]
[Date "2000.09.04"]
[Round "?"]
[White "Hossa"]
[Black "PostModernist"]
[Result "1-0"]
[WhiteElo "2562"]
[BlackElo "2687"]
[PlyCount "87"]
[EventDate "2000.??.??"]

1. e4 c5 2. c3 Nf6 3. e5 Nd5 4. Nf3 e6 5. d4 cxd4 6. cxd4 d6 7. a3 Bd7 8. Nc3
Nxc3 9. bxc3 Qc7 10. c4 Nc6 11. exd6 Bxd6 12. Bd3 O-O 13. O-O Rfc8 14. Bd2 Bf4
15. Bxf4 Qxf4 16. Qb1 f5 17. Qb2 Qd6 18. Rfe1 b6 19. Rad1 Re8 20. Qa2 Rad8 21.
d5 Na5 22. dxe6 Bxe6 23. Ng5 Bf7 24. Nxf7 Rxe1+ 25. Rxe1 Kxf7 26. Bxf5 Qd2 27.
Qb1 g6 28. Be6+ Kg7 29. Bd5 Rf8 30. Re7+ Kh6 31. Qf1 a6 32. g3 Rf5 33. Bg8 Kg5
34. Rxh7 Kf6 35. Rf7+ Kg5 36. h4+ Kg4 37. Re7 Qc2 38. Be6 Nc6 39. Bxf5+ gxf5
40. Rg7+ Kf3 41. Qg2+ Ke2 42. Qxc6 Qc1+ 43. Kh2 Qxa3 44. Rf7 1-0

[Event "ICS rated standard match"]
[Site "204.178.125.65"]
[Date "2000.09.04"]
[Round "?"]
[White "Hossa"]
[Black "PostModernist"]
[Result "1-0"]
[WhiteElo "2288"]
[BlackElo "2457"]
[PlyCount "87"]
[EventDate "2000.??.??"]

1. c4 e5 2. Nc3 Nf6 3. e3 Bb4 4. d4 Nc6 5. d5 Ne7 6. Nf3 Bxc3+ 7. bxc3 e4 8.
Nd4 d6 9. Be2 O-O 10. O-O c6 11. dxc6 bxc6 12. Rb1 Qa5 13. Nb3 Qc7 14. c5 d5
15. c4 dxc4 16. Bxc4 Rd8 17. Qc2 Ng4 18. f4 exf3 19. gxf3 Ne5 20. Be2 Bf5 21.
e4 Bh3 22. Rf2 Be6 23. Bd2 a5 24. f4 Ng4 25. Bxg4 Bxg4 26. f5 a4 27. Nc1 Qd7
28. Rb4 a3 29. Qc3 Bh5 30. Rg2 g6 31. Bh6 f6 32. Qb3+ Kh8 33. Rd2 Qxd2 34. Bxd2
Rxd2 35. Qf7 Rd1+ 36. Kg2 Rxc1 37. Qxf6+ Kg8 38. Qxe7 Rc2+ 39. Kg3 Rc3+ 40. Kh4
Rc2 41. Rb7 g5+ 42. Kxh5 Rxh2+ 43. Kxg5 Rg2+ 44. Kf6 1-0

[Event "ICS rated blitz match"]
[Site "204.178.125.65"]
[Date "2000.09.04"]
[Round "?"]
[White "PostModernist"]
[Black "Hossa"]
[Result "1-0"]
[WhiteElo "2667"]
[BlackElo "2614"]
[PlyCount "173"]
[EventDate "2000.??.??"]

1. e4 c6 2. d4 d5 3. e5 e6 4. c3 c5 5. Bd3 cxd4 6. cxd4 Nc6 7. Bb5 Bd7 8. Nc3
Qb6 9. Bxc6 bxc6 10. Nge2 c5 11. O-O cxd4 12. Nxd4 Ne7 13. Na4 Qc7 14. f4 Nc6
15. Be3 Na5 16. Rc1 Nc4 17. b3 Bxa4 18. Qf3 Rd8 19. bxc4 dxc4 20. f5 Ba3 21.
fxe6 O-O 22. Bg5 Bxc1 23. Bxd8 Qxe5 24. Kh1 f6 25. e7 Rf7 26. Bc7 Qxe7 27. Rxc1
Qc5 28. Qa8+ Rf8 29. Ne6 Rxa8 30. Nxc5 Bc6 31. Rxc4 Re8 32. Kg1 Re2 33. Nb3
Rxg2+ 34. Kf1 Bb7 35. Rb4 Bd5 36. Rb5 Rg5 37. Ke1 a6 38. Ra5 Rg1+ 39. Kd2 Bc4
40. Nc5 Rg5 41. Kc3 Bb5 42. Kb4 Rg4+ 43. Ka3 Rc4 44. Bd6 Rd4 45. Bg3 Rd1 46.
Nxa6 Rb1 47. Nc7 Bc6 48. Rc5 Bd7 49. Rd5 Bc6 50. Rd6 Be4 51. Rd8+ Kf7 52. Rd7+
Kg8 53. Ne6 Bf5 54. Rxg7+ Kh8 55. Re7 Bxe6 56. Rxe6 Kg7 57. Re8 Kg6 58. Rb8 Rd1
59. Ka4 Ra1 60. a3 h6 61. Rb6 Kg5 62. Bf2 Rd1 63. Ka5 Kg6 64. a4 Rd5+ 65. Ka6
Rd2 66. Bg3 Ra2 67. a5 Kf7 68. Rb4 h5 69. Kb6 h4 70. Rxh4 Rb2+ 71. Ka7 Ke6 72.
a6 Kd5 73. Ka8 Kc6 74. Rh6 Re2 75. Rxf6+ Kb5 76. a7 Ra2 77. Kb7 Kc5 78. Ra6
Rb2+ 79. Kc7 Kc4 80. a8=Q Rc2 81. Qe4+ Kb3+ 82. Kb7 Rd2 83. Rb6+ Kc3 84. Be5+
Rd4 85. Qxd4+ Kc2 86. Rb2+ Kc1 87. Qg1# {Hossa checkmated} 1-0

[Event "ICS rated blitz match"]
[Site "204.178.125.65"]
[Date "2000.09.04"]
[Round "?"]
[White "Hossa"]
[Black "PostModernist"]
[Result "0-1"]
[WhiteElo "2600"]
[BlackElo "2681"]
[PlyCount "118"]
[EventDate "2000.??.??"]

1. e4 c5 2. c3 e6 3. d4 d5 4. e5 Nc6 5. Nf3 Bd7 6. a3 f6 7. Bd3 fxe5 8. dxe5 c4
9. Bc2 Qc7 10. O-O Bc5 11. Kh1 O-O-O 12. Qe2 Nge7 13. b3 cxb3 14. Bxb3 Ng6 15.
Re1 Qb6 16. Ba2 Bxf2 17. Rd1 Bc5 18. g3 Rdf8 19. Nbd2 Qc7 20. Nb3 Bb6 21. Re1
Na5 22. Nbd4 h6 23. a4 Bc5 24. Nb5 Qb6 25. Rb1 Kb8 26. Rf1 Qc6 27. Be3 b6 28.
Bd4 h5 29. Ng5 Rxf1+ 30. Rxf1 h4 31. Nf7 Rf8 32. Bb1 Ne7 33. Nfd6 Rxf1+ 34.
Qxf1 a6 35. Qf7 Nc8 36. Nxc8 axb5 37. Ne7 Qc7 38. Bxc5 Qxc5 39. Bg6 hxg3 40.
Qf8+ Kc7 41. Qxg7 gxh2 42. Kxh2 bxa4 43. Bh5 a3 44. Qg2 Qxe7 45. Qe2 Qh4+ 46.
Kg1 Qg3+ 47. Kh1 d4 48. Bf3 a2 49. Qf1 dxc3 50. Ba8 c2 51. Be4 Qh4+ 52. Kg1
Qxe4 53. Qa1 Qe3+ 54. Kg2 c1=Q 55. Qxc1+ Qxc1 56. Kf3 a1=Q 57. Kg3 Qe3+ 58. Kh4
Qh1+ 59. Kg4 Qhh3# {Hossa checkmated} 0-1

[Event "ICS rated blitz match"]
[Site "204.178.125.65"]
[Date "2000.09.04"]
[Round "?"]
[White "Hossa"]
[Black "Dorky"]
[Result "1-0"]
[WhiteElo "2586"]
[BlackElo "2381"]
[PlyCount "147"]
[EventDate "2000.??.??"]

1. e4 c6 2. d4 d5 3. Nc3 dxe4 4. Nxe4 Bf5 5. Ng3 Bg6 6. h4 h6 7. Nf3 Nd7 8. h5
Bh7 9. Bd3 Bxd3 10. Qxd3 e6 11. Bd2 Ngf6 12. O-O-O Bd6 13. Ne4 Nxe4 14. Qxe4
Nf6 15. Qe2 Qc7 16. Kb1 O-O-O 17. Rh4 Kb8 18. c4 c5 19. Bc3 cxd4 20. Rhxd4 Bc5
21. Rxd8+ Rxd8 22. Bxf6 gxf6 23. Rxd8+ Qxd8 24. Nd2 Qd4 25. Ne4 Bb6 26. g4 Qe5
27. Qd3 Bc7 28. Qf3 Qd4 29. Qe2 Be5 30. a3 a6 31. Ka2 Ka8 32. a4 b6 33. Kb1 Kb8
34. Ka2 Bf4 35. Ka3 Ka7 36. Kb3 Kb8 37. Ka2 Kc7 38. Qc2 Be5 39. c5 a5 40. Kb1
bxc5 41. Nxc5 Kb6 42. Nd3 Bd6 43. Qb3+ Bb4 44. f3 Ka7 45. Nxb4 axb4 46. Qc2 Qd5
47. Kc1 Kb6 48. Qd1 Qxd1+ 49. Kxd1 e5 50. Kc2 Kc6 51. Kd3 Kd5 52. b3 Kd6 53.
Kc4 Kc7 54. Kxb4 Kb6 55. Kc4 Kc6 56. b4 Kc7 57. Kd5 Kb8 58. Ke4 f5+ 59. Kxf5
Ka7 60. Kxe5 f6+ 61. Kxf6 Kb7 62. f4 Kc6 63. Ke6 Kc7 64. g5 hxg5 65. fxg5 Kd8
66. a5 Kc7 67. b5 Kb7 68. Kd7 Kb8 69. h6 Ka7 70. Kc7 Ka8 71. h7 Ka7 72. a6 Ka8
73. Kb6 Kb8 74. h8=Q# {Dorky checkmated} 1-0

[Event "ICS rated blitz match"]
[Site "204.178.125.65"]
[Date "2000.09.04"]
[Round "?"]
[White "Dorky"]
[Black "Hossa"]
[Result "1-0"]
[WhiteElo "2373"]
[BlackElo "2594"]
[PlyCount "131"]
[EventDate "2000.??.??"]

1. g3 d5 2. Nf3 c6 3. Bg2 Nf6 4. O-O g6 5. d3 Bg7 6. Bf4 Na6 7. Qc1 O-O 8. Bh6
Bxh6 9. Qxh6 Qb6 10. Qc1 Bg4 11. Nbd2 c5 12. e4 dxe4 13. dxe4 Nb4 14. a3 Nc6
15. c3 Qc7 16. Qc2 Rfd8 17. Rfe1 Qd7 18. e5 Bf5 19. Qc1 Ng4 20. h3 Ngxe5 21.
Nxe5 Nxe5 22. Rxe5 Qxd2 23. Rxe7 Qxc1+ 24. Rxc1 Rab8 25. g4 Be6 26. b4 cxb4 27.
cxb4 Rd3 28. a4 Rd4 29. Rcc7 Rxb4 30. a5 Ra4 31. Bxb7 Rxa5 32. Kh2 Ra3 33. f3
Ra2+ 34. Kg3 a5 35. h4 a4 36. Bc6 Rf8 37. Bd7 Bb3 38. Rb7 h6 39. Bc6 Kg7 40. g5
h5 41. Kf4 Rd8 42. Rb4 Rd6 43. Be8 Rh2 44. Rbb7 Rd4+ 45. Kg3 Rdd2 46. Bxf7
Rdg2+ 47. Kf4 Rxh4+ 48. Ke3 Bxf7 49. Rxf7+ Kg8 50. Rfd7 Re2+ 51. Kxe2 Rf4 52.
Ke3 Rf5 53. Rg7+ Kf8 54. Rxg6 Re5+ 55. Kf4 Ra5 56. Rh6 Kg8 57. g6 Ra6 58. Kg5
Ra5+ 59. Kh4 Ra6 60. f4 a3 61. Kg5 Ra5+ 62. f5 Rb5 63. Rh8+ Kxh8 64. Rxb5 Kg7
65. f6+ Kg8 66. Rb8# {Hossa checkmated} 1-0

[Event "ICS rated blitz match"]
[Site "204.178.125.65"]
[Date "2000.09.04"]
[Round "?"]
[White "Dorky"]
[Black "Hossa"]
[Result "1/2-1/2"]
[WhiteElo "2414"]
[BlackElo "2552"]
[PlyCount "200"]
[EventDate "2000.??.??"]

1. d4 d5 2. c4 e6 3. Nc3 Nf6 4. cxd5 exd5 5. Bg5 Be7 6. e3 O-O 7. Bd3 c6 8.
Nge2 Ng4 9. Bf4 Be6 10. f3 Nf6 11. Qc2 c5 12. dxc5 Nc6 13. Qd2 Bxc5 14. O-O d4
15. exd4 Nxd4 16. Kh1 Nxe2 17. Qxe2 Re8 18. Rad1 Qb6 19. Be5 Qb4 20. Rfe1 Nd7
21. Bg3 Rac8 22. a3 Qb6 23. Na4 Qa5 24. Nxc5 Qxc5 25. Qe4 Nf6 26. Qxb7 Re7 27.
Qb4 Qxb4 28. axb4 Rd7 29. Kg1 Rcd8 30. Be2 Rxd1 31. Rxd1 Rxd1+ 32. Bxd1 Bc4 33.
Kf2 Nd5 34. Bd6 h5 35. f4 Nf6 36. Ke3 g6 37. Kd4 Bf1 38. Bf3 Ng4 39. Bd5 Nf6
40. Bc6 a6 41. Be7 Ng4 42. h3 Nh6 43. Bc5 Nf5+ 44. Ke5 Kg7 45. Bf2 Bc4 46. Bd5
Bb5 47. Bc5 Bf1 48. Bf2 Bb5 49. Bf3 Bc4 50. g4 hxg4 51. hxg4 f6+ 52. Ke4 Ne7
53. Kd4 Bb5 54. Kc5 Kf7 55. b3 Ke6 56. Bd4 f5 57. Be5 g5 58. Bd6 gxf4 59. g5
Bd3 60. Bxf4 Bb5 61. Bh5 Bd3 62. Bd6 Nc8 63. g6 Nxd6 64. g7 Ne4+ 65. Kd4 Nf6
66. Kxd3 Ng8 67. Bg6 Ne7 68. Bh7 Kf7 69. g8=Q+ Nxg8 70. Bxf5 Ne7 71. Be4 Ke6
72. Kc4 Kd6 73. Bb7 Kc7 74. Bxa6 Kb6 75. b5 Nf5 76. Kd5 Ng7 77. Kc4 Nf5 78. Kc3
Ng3 79. Kd4 Nf5+ 80. Ke5 Ne3 81. Ke4 Nc2 82. Kd3 Na3 83. b4 Nxb5 84. Bxb5 Kxb5
85. Kc3 Kc6 86. Kc4 Kb6 87. b5 Kc7 88. Kc5 Kb7 89. b6 Kb8 90. Kb5 Kb7 91. Ka5
Kb8 92. Kb4 Kc8 93. Kc4 Kb8 94. Kc5 Kb7 95. Kb5 Kb8 96. Kc6 Kc8 97. Kd5 Kb8 98.
Kd6 Kb7 99. Kc5 Kb8 100. Kb5 Kb7 1/2-1/2

[Event "ICS rated blitz match"]
[Site "204.178.125.65"]
[Date "2000.09.04"]
[Round "?"]
[White "Hossa"]
[Black "PostModernist"]
[Result "1-0"]
[WhiteElo "2546"]
[BlackElo "2706"]
[PlyCount "93"]
[EventDate "2000.??.??"]

1. e4 e6 2. d4 d5 3. Nc3 Bb4 4. e5 Ne7 5. a3 Bxc3+ 6. bxc3 b6 7. Nf3 Ba6 8.
Bxa6 Nxa6 9. Qd3 Nb8 10. O-O Nbc6 11. c4 dxc4 12. Qxc4 Qd7 13. Be3 O-O 14. h4
Nf5 15. g4 Nxe3 16. fxe3 Ne7 17. Ng5 h6 18. Ne4 Kh8 19. g5 b5 20. Qe2 Qd5 21.
Nc5 Nf5 22. Qf2 Qc4 23. Rab1 a5 24. Rbd1 hxg5 25. hxg5 Rad8 26. Rd2 a4 27. Rd3
Kg8 28. Rb1 c6 29. Rb2 Rfe8 30. Qf4 Re7 31. Qf3 Rd5 32. Ne4 Rd8 33. Qh3 Qd5 34.
Nc3 Qd7 35. Rd2 Ree8 36. Ne4 Qd5 37. Nf6+ gxf6 38. gxf6 Qe4 39. Rg2+ Qxg2+ 40.
Kxg2 Rd7 41. e4 Rxd4 42. exf5 exf5 43. Qxf5 Red8 44. Qg5+ Kf8 45. e6 Rd2+ 46.
Kf3 R2d3+ 47. cxd3 1-0